Rahasyamay Bharatacha Shodh (Record no. 15422)

MARC details
000 -LEADER
fixed length control field 00446nam a2200169Ia 4500
008 - FIXED-LENGTH DATA ELEMENTS--GENERAL INFORMATION
fixed length control field 220803s9999 xx 000 0 und d
020 ## - INTERNATIONAL STANDARD BOOK NUMBER
International Standard Book Number 978-81-8415-353-8
041 ## - LANGUAGE CODE
Language code of text/sound track or separate title eng
082 ## - DEWEY DECIMAL CLASSIFICATION NUMBER
Classification number 891.46 BRU/THA
100 ## - MAIN ENTRY--PERSONAL NAME
Personal name Brunton P
9 (RLIN) 24433
245 ## - TITLE STATEMENT
Title Rahasyamay Bharatacha Shodh
260 ## - PUBLICATION, DISTRIBUTION, ETC. (IMPRINT)
Place of publication, distribution, etc. Pune
Name of publisher, distributor, etc. Wow Publication
Date of publication, distribution, etc. 2013
300 ## - PHYSICAL DESCRIPTION
Extent 368p
500 ## - GENERAL NOTE
Keywords Architecture
650 ## - SUBJECT ADDED ENTRY--TOPICAL TERM
Topical term or geographic name as entry element Marathi Literature
9 (RLIN) 24434
700 ## - ADDED ENTRY--PERSONAL NAME
Personal name Thakkar P Trans.
9 (RLIN) 24435
Holdings
Withdrawn status Lost status Damaged status Not for loan Home library Current library Date acquired Vendor Cost, normal purchase price Total Checkouts Full call number Barcode Date last seen Cost, replacement price Bill Date Koha item type Original Barcode
        Dr. Bhanuben Nanavati College of Architecture Dr. Bhanuben Nanavati College of Architecture 04/02/2014 Technical Book Services 251.00   891.46 BRU/THA BNCA-BK-8760 03/08/2022 295.00 31/01/2014 Books B008760